000
00248nam a2200109Ia 4500
008
200302s9999 xx 000 0 und d
100
_a
Lee Yun-Jung
245
_a
Detail Annual 4
260
_b
Archiworld Co. Ltd.
260
_c
2006
300
_a
263 P.,
999
_c
3096
_d
3096